000 00397nam a22001457a 4500
005 20231101125122.0
008 231101b |||||||| |||| 00| 0 eng d
041 _aEnglish
082 _a346.7 INS
100 _aBurdette, D
_lEnglish
245 _aInsolvency Law /
_cD Burdette
300 _b295 pages ;
_c30,1 cm.
650 _aLegal practice
_bLaw
942 _cBK
_6ALISON_BN_VRIES
999 _c220
_d220